| 000 | 01098nam a22003497a 4500 | ||
|---|---|---|---|
| 001 | 000030386 | ||
| 003 | CHAP | ||
| 005 | 20220329135012.0 | ||
| 008 | 971013s1966 r 00010 d | ||
| 010 | _a29334 | ||
| 011 | _a30306 | ||
| 035 | _a34418 | ||
| 040 | _cCHAP | ||
| 090 | _aTesis | ||
| 100 | 0 | 0 |
_aContreras Mendoza, Raymundo. _927513 |
| 245 | 0 | _aAspectos económicos del trigo en México. | |
| 260 |
_aChapingo, Méx. : _bEl autor, _c1966. |
||
| 300 |
_a105 h. : _b; ilus. |
||
| 502 | _aTesis (Ing. Agr. Esp. en Economía) -- ENA | ||
| 590 |
_aALEPH _b10 _c20130110 _lUCH01 _h1251 |
||
| 590 |
_aBATCH-UPD _b10 _c20130110 _lUCH01 _h2234 |
||
| 590 |
_aBATCH-UPD _b10 _c20130410 _lUCH01 _h1529 |
||
| 590 |
_aBATCH-UPD _b10 _c20130914 _lUCH01 _h1838 |
||
| 590 |
_aCONVERSION _b10 _c20130109 _lUCH01 _h1317 |
||
| 590 |
_aE5765TAJ _b05 _c20150612 _lUCH01 _h0912 |
||
| 650 | 1 | 4 |
_aTrigo _xAspectos económicos _zMéxico. _9114979 |
| 901 | _aBK | ||
| 942 | _cFOLL | ||
| 942 | _n0 | ||
| 949 |
_a634.772 C6 _bBC _cTES _d-79687 _eTS1 _i34418 _si |
||
| 949 |
_a634.772 C6 _bBC _cTES _d-79688 _eTS2 _fc.2 _i34418 _si |
||
| 999 |
_c29334 _d29334 |
||